Jak si vede Česko v inovacích?

Analýza Juhomoravského inovačného centra s názvom INKA, Inovačná kapacita ČR: hlavné závery overovacích analýz. Česko ako inovatívna krajina. Kritika závislej ekonomiky z radov expertov. Čoho sa českí podnikatelia obávajú. Hlavné bariéry inovačnej kapacity ČR. Rast inovačných centier. Investície do...

Ausführliche Beschreibung

Gespeichert in:
Bibliographische Detailangaben
1. Verfasser: Kejhová, Hana
Format: Buchkapitel
Sprache:Tschechisch
Schlagworte:
Tags: Tag hinzufügen
Keine Tags, Fügen Sie das erste Tag hinzu!

MARC

LEADER 00000naa a2200000 4500
001 0219964
005 20221104111849.9
041 0 |a cze 
044 |a CZ 
245 1 0 |a Jak si vede Česko v inovacích?  |c Hana Kejhová 
520 |a Analýza Juhomoravského inovačného centra s názvom INKA, Inovačná kapacita ČR: hlavné závery overovacích analýz. Česko ako inovatívna krajina. Kritika závislej ekonomiky z radov expertov. Čoho sa českí podnikatelia obávajú. Hlavné bariéry inovačnej kapacity ČR. Rast inovačných centier. Investície do výskumu. 
610 2 0 |a inovácia 
610 2 0 |a inovácia výrobkov 
610 2 0 |a podnikanie 
610 2 0 |a podnikatelia 
610 2 0 |a veda 
610 2 0 |a výskum 
610 2 0 |a investície 
610 2 0 |a analýzy 
610 2 0 |a Česko 
100 1 |a Kejhová, Hana